Katie and Addie with J. D. love Washington D. C. / (Record no. 355749)
[ view plain ]
| 000 -LEADER | |
|---|---|
| fixed length control field | 00505nam a2200181Ia 4500 |
| 008 - FIXED-LENGTH DATA ELEMENTS--GENERAL INFORMATION | |
| fixed length control field | 180207s9999 xx 000 0 und d |
| 020 ## - INTERNATIONAL STANDARD BOOK NUMBER | |
| International Standard Book Number | 9780882708362 |
| 050 ## - LIBRARY OF CONGRESS CALL NUMBER | |
| Item number | W542 2012 |
| 100 ## - MAIN ENTRY--PERSONAL NAME | |
| Personal name | Wetteland, Michele |
| 245 ## - TITLE STATEMENT | |
| Title | Katie and Addie with J. D. love Washington D. C. / |
| 245 ## - TITLE STATEMENT | |
| Statement of responsibility, etc | by Michele Wetteland ; illustrated by John Rose. |
| 260 ## - PUBLICATION, DISTRIBUTION, ETC. (IMPRINT) | |
| Place of publication, distribution, etc | Alachua, Florida : |
| 260 ## - PUBLICATION, DISTRIBUTION, ETC. (IMPRINT) | |
| Name of publisher, distributor, etc | Bridge Logos, |
| 260 ## - PUBLICATION, DISTRIBUTION, ETC. (IMPRINT) | |
| Date of publication, distribution, etc | 2012 |
| 300 ## - PHYSICAL DESCRIPTION | |
| Extent | 24 pages : |
| 300 ## - PHYSICAL DESCRIPTION | |
| Other physical details | color illustration ; |
| 300 ## - PHYSICAL DESCRIPTION | |
| Dimensions | 28cm. |
| Withdrawn status | Lost status | Damaged status | Home library | Current library | Date acquired | Total Checkouts | Full call number | Barcode | Date last seen | Price effective from | Koha item type |
|---|---|---|---|---|---|---|---|---|---|---|---|
| Stonyhurst Southville International School (Malarayat) | Stonyhurst Southville International School (Malarayat) | 02/07/2018 | ER W542 2012 | SSISM5294 | 02/07/2018 | 02/07/2018 | Books |